Κατάλογος Βιβλιοθηκών Mediterranean College

Revolution and Improvement / The Western World 1775-1847 (Record no. 5624)

MARC details
000 -LEADER
fixed length control field 00878cam a22002054a 4500
005 - ΗΜΕΡΟΜΗΝΙΑ ΚΑΙ ΩΡΑ ΤΕΛΕΥΤΑΙΑΣ ΕΝΗΜΕΡΩΣΗΣ
Πεδίο ελέγχου 20250605164217.0
008 - FIXED-LENGTH DATA ELEMENTS--GENERAL INFORMATION
Πεδίο ελέγχου σταθερού μήκους 250528s ||||||||||||||||||||||||d
035 ## - SYSTEM CONTROL NUMBER
System control number 20525
020 ## - ISBN
ISBN 297770489
040 ## - ΠΗΓΗ ΚΑΤΑΛΟΓΟΓΡΑΦΗΣΗΣ
Φορέας πρωτότυπης καταλογογράφησης MC Athens Campus Library
Γλώσσα καταλογογράφησης Ελληνικά, Μοντέρνα (1453-)
Modifying agency MC Athens Campus Library
Κανόνες περιγραφικής καταλογογράφησης AACR2
245 1# - ΤΙΤΛΟΣ ΚΑΙ ΔΗΛΩΣΗ ΥΠΕΥΘΥΝΟΤΗΤΑΣ
Τίτλος Revolution and Improvement / The Western World 1775-1847
260 ## - PUBLICATION, DISTRIBUTION, ETC.
Name of publisher, distributor, etc. Weidenfeld And Nicolson,
Date of publication, distribution, etc. 1976
300 ## - PHYSICAL DESCRIPTION
Extent 292
505 0# - FORMATTED CONTENTS NOTE
Formatted contents note Illustrations and Maps, Foreword, Beginnings and Boundaries, Ancient Regime: Ideals and Realities, Revolutions and Restorations, The New Worlds of the Nineteenth Century, Maps, Index.
520 ## - SUMMARY, ETC.
Summary, etc. Illustrations and Maps, Foreword, Beginnings and Boundaries, Ancient Regime: Ideals and Realities, Revolutions and Restorations, The New Worlds of the Nineteenth Century, Maps, Index.
700 1# - ΠΡΟΣΘΕΤΗ ΑΝΑΓΡΑΦΗ--ΦΥΣΙΚΟ ΠΡΟΣΩΠΟ
Personal name Roberts John
9 (RLIN) 6512
942 ## - ADDED ENTRY ELEMENTS (KOHA)
Koha item type Books
Holdings
Τύπος τεκμηρίου Βιβλιοθήκη Τρέχουσα τοποθεσία Barcode Αριθμός εισαγωγής Ημερομηνία απόκτησης Ταξιθετικό σύμβολο Αριθμός αντιτύπου Κατάσταση απόσυρσης Κατάσταση χαμένου Κατάσταση κατεστραμμένου Μη δανεισμός Σύνολο δανεισμών Σύνολο ανανεώσεων Ημερομηνία τελευταίας εμφάνισης Χρονολογία τελευταίου δανεισμού Η τιμή ισχύει από
Books MC Athens Campus Library MC Athens Campus Library 9780000056238 7003 05/06/2025 909/.09/81207 ROB 1         1 2 22/12/2025 20/11/2025 05/06/2025

MC Athens Campus Library
Πατησίων 94 & Κοδριγκτώνος 13, 104 34
Πελλήνης 8 & Πατησίων 107, 112 51
Τ: +30 210 8899600

MC Thessaloniki Campus Library
Ίωνος Δραγούμη 21, 54625 | Ίωνος Δραγούμη 15, 54625
Τ: +30 2310 287779 – Τ: +30 2314 440300